000 00539nam a22001577a 4500
005 20170120103918.0
008 170120b xxu||||| |||| 00| 0 eng d
050 _aRA644A25R934
100 _aRujjanavet, Bussaba
_928424
245 _aNGOs
_bAIDS activities in Thailand
_cwritten by Rujjanavet, Bussaba and Chonchotikasem, Doungsamorn
260 _aMahidol
_bMahidol University
_c1995
300 _a365p.;
_c22cm.
650 _aAIDS (Disease)
_zAfrica
_926556
700 _aChonchotikasem, Doungsamorn
_928425
942 _2lcc
_cMONOGRAPH
999 _c125989
_d125989